000
00284nam a2200133Ia 4500
100
_a
Shubin/John A
942
_c
BK
654
_a
Business
245
_a
Business management
260
_b
Barnes and Nobel
_a
New york
_c
1958
082
_a
658
_b
SHU
300
_a
372
546
_a
ENGLISH
999
_c
30275
_d
30275